[Event "PWC Toronto op"]
[Site "Toronto CAN"]
[Date "2009.04.18"]
[Round "3"]
[White "Gerzhoy, Leonid"]
[Black "Szalay, Karoly"]
[Result "1-0"]
[WhiteElo "2420"]
[BlackElo "2050"]
[PlyCount "87"]
[GameId "2160767910157164"]
[EventDate "2009.04.17"]
[EventType "swiss"]
[EventRounds "5"]
[EventCountry "CAN"]
[SourceTitle "The Week in Chess 754"]
[Source "Mark Crowther"]
[SourceDate "2009.04.20"]
[SourceVersion "1"]
[SourceVersionDate "2009.04.20"]
[SourceQuality "2"]

1. e4 e5 2. Nf3 Nc6 3. Nc3 Nf6 4. Bb5 Bc5 5. O-O d6 6. d4 exd4 7. Nxd4 Bd7 8. Nf5 O-O 9. Bg5 h6 10. Bh4 Kh7 11. Nxg7 Bg4 12. Bxf6 Qxf6 13. Qxg4 Qxg7 14. Qxg7+ Kxg7 15. Nd5 Nd4 16. Bd3 c6 17. Ne3 h5 18. c3 Ne6 19. Nf5+ Kf6 20. g3 Ng7 21. Nh4 Rad8 22. Kg2 d5 23. Nf3 dxe4 24. Bxe4 Rfe8 25. Rfe1 Bb6 26. h4 Ne6 27. Bc2 Nc5 28. Ng5 Rxe1 29. Rxe1 Nd3 30. Bxd3 Rxd3 31. Re2 Rd1 32. b3 Kg6 33. c4 Bd8 34. Ne4 Be7 35. Rd2 Rxd2 36. Nxd2 b5 37. cxb5 cxb5 38. Ne4 Kf5 39. Kf3 Ke5 40. Nc3 b4 41. Ne2 a5 42. Nf4 Kd4 43. Ke2 Ke4 44. Nxh5 1-0

[Event "PWC Toronto op"]
[Site "Toronto CAN"]
[Date "2009.04.18"]
[Round "3"]
[White "Hambleton, Aman"]
[Black "Barron, Michael"]
[Result "0-1"]
[WhiteElo "2052"]
[BlackElo "2252"]
[PlyCount "68"]
[GameId "2160767910157165"]
[EventDate "2009.04.17"]
[EventType "swiss"]
[EventRounds "5"]
[EventCountry "CAN"]
[SourceTitle "The Week in Chess 754"]
[Source "Mark Crowther"]
[SourceDate "2009.04.20"]
[SourceVersion "1"]
[SourceVersionDate "2009.04.20"]
[SourceQuality "2"]

1. d4 f5 2. c4 Nf6 3. Nc3 g6 4. g3 Bg7 5. Bg2 O-O 6. Nf3 d6 7. O-O Qe8 8. d5 a5 9. Be3 Na6 10. Rc1 Bd7 11. h3 c5 12. b3 b5 13. cxb5 Bxb5 14. a4 Bd7 15. Nd2 Nc7 16. Nc4 Ra6 17. Qc2 Qa8 18. Rfd1 Rb8 19. Rb1 Be8 20. Qd2 Bf7 21. Bxc5 Ne4 22. Nxe4 fxe4 23. Bd4 Bxd4 24. Qxd4 Bxd5 25. Ne3 Rb4 26. Qd2 Bxb3 27. Rdc1 Ne6 28. Rxb3 Rxb3 29. Qa2 Rab6 30. Nc4 Qc6 31. Qa1 R6b4 32. Nd2 Rxa4 33. Nxb3 Rxa1 34. Rxa1 Qc3 0-1

[Event "PWC Toronto op"]
[Site "Toronto CAN"]
[Date "2009.04.18"]
[Round "3"]
[White "Hamilton, Robert"]
[Black "Siddeley, Hugh"]
[Result "1-0"]
[WhiteElo "2290"]
[BlackElo "2003"]
[PlyCount "51"]
[GameId "2160767910157166"]
[EventDate "2009.04.17"]
[EventType "swiss"]
[EventRounds "5"]
[EventCountry "CAN"]
[SourceTitle "The Week in Chess 754"]
[Source "Mark Crowther"]
[SourceDate "2009.04.20"]
[SourceVersion "1"]
[SourceVersionDate "2009.04.20"]
[SourceQuality "2"]

1. d4 Nf6 2. c4 g6 3. Nc3 Bg7 4. e4 d6 5. f3 O-O 6. Be3 c5 7. Nge2 cxd4 8. Nxd4 Nc6 9. Qd2 Bd7 10. Be2 a5 11. O-O Nxd4 12. Bxd4 Bc6 13. Rac1 a4 14. Rfd1 Qa5 15. Nd5 Bxd5 16. Qxa5 Rxa5 17. cxd5 Nd7 18. Bxg7 Kxg7 19. Rc7 Nc5 20. Rxe7 Kf6 21. Rc7 Re8 22. Kf2 Re7 23. Rc8 Ke5 24. Ke3 f5 25. Rf8 f4+ 26. Rxf4 1-0

[Event "PWC Toronto op"]
[Site "Toronto CAN"]
[Date "2009.04.18"]
[Round "3"]
[White "Masse, Hugues"]
[Black "Knox, Christopher"]
[Result "1-0"]
[WhiteElo "2220"]
[BlackElo "1975"]
[PlyCount "159"]
[GameId "2160767910157169"]
[EventDate "2009.04.17"]
[EventType "swiss"]
[EventRounds "5"]
[EventCountry "CAN"]
[SourceTitle "The Week in Chess 754"]
[Source "Mark Crowther"]
[SourceDate "2009.04.20"]
[SourceVersion "1"]
[SourceVersionDate "2009.04.20"]
[SourceQuality "2"]

1. d4 Nf6 2. c4 e6 3. Nc3 Bb4 4. Qc2 c5 5. dxc5 Bxc5 6. Nf3 Nc6 7. Bg5 h6 8. Bh4 O-O 9. Rd1 Qb6 10. e3 Be7 11. Be2 Rd8 12. O-O Qa5 13. Rd2 d5 14. a3 dxc4 15. Rxd8+ Bxd8 16. Bxc4 a6 17. Ne4 Nxe4 18. Bxd8 Qxd8 19. Qxe4 Qc7 20. Bd3 g6 21. h4 e5 22. Rc1 Be6 23. Bc4 Bf5 24. Qd5 Rd8 25. Qc5 Be4 26. Be2 Qd6 27. Qxd6 Rxd6 28. Kf1 f5 29. Ke1 Kf7 30. g3 Kf6 31. Nd2 Bd3 32. Nb3 Bxe2 33. Kxe2 b6 34. Nd2 b5 35. f3 g5 36. hxg5+ hxg5 37. g4 e4 38. fxe4 fxg4 39. e5+ Kxe5 40. Rc5+ Ke6 41. Ne4 Rd8 42. Rxc6+ Kd5 43. Rc5+ Kxe4 44. Rxg5 Rc8 45. Rxg4+ Kf5 46. Rf4+ Ke5 47. Kd3 Rc1 48. Re4+ Kd5 49. Re8 Rc4 50. e4+ Kd6 51. Ra8 Ra4 52. Rd8+ Ke5 53. Rd5+ Ke6 54. Rd4 Ra5 55. Rb4 Ke5 56. Ke3 Kd6 57. Kd4 Kc6 58. e5 Kc7 59. Kc5 Kd7 60. Kb6 Ra4 61. Rxa4 bxa4 62. Kxa6 Ke6 63. Kb5 Kxe5 64. Kxa4 Kd6 65. Kb5 Kc7 66. b4 Kb7 67. a4 Ka7 68. Kc6 Kb8 69. b5 Ka7 70. b6+ Ka8 71. b7+ Kb8 72. a5 Ka7 73. Kc7 Ka6 74. b8=R Kxa5 75. Kc6 Ka4 76. Kc5 Ka3 77. Kc4 Ka2 78. Kc3 Ka1 79. Kc2 Ka2 80. Ra8# 1-0

[Event "PWC Toronto op"]
[Site "Toronto CAN"]
[Date "2009.04.18"]
[Round "3"]
[White "Peng, David Yu"]
[Black "Jung, Hans"]
[Result "1-0"]
[WhiteElo "2245"]
[BlackElo "2132"]
[PlyCount "55"]
[GameId "2160767910157172"]
[EventDate "2009.04.17"]
[EventType "swiss"]
[EventRounds "5"]
[EventCountry "CAN"]
[SourceTitle "CBM 129 Extra"]
[Source "ChessBase"]
[SourceDate "2009.05.05"]
[SourceVersion "2"]
[SourceVersionDate "2009.05.20"]
[SourceQuality "1"]

1. d4 g6 2. e4 d6 3. Nf3 Bg7 4. Bc4 c6 5. Bb3 b5 6. O-O Qc7 7. Nbd2 e5 8. dxe5 dxe5 9. c4 Ne7 10. a4 bxa4 11. Bxa4 O-O 12. b4 Rd8 13. Bb3 h6 14. c5 Nd7 15. Qc2 Nf8 16. Nc4 Be6 17. Bb2 Bxc4 18. Bxc4 g5 19. Bc3 Neg6 20. Ra6 Qb7 21. Qa4 g4 22. Nd2 Rdc8 23. Nb3 Ne7 24. Na5 Qc7 25. Qa2 Neg6 26. Rxc6 Qe7 27. Rd6 Rc7 28. Bd5 1-0

[Event "PWC Toronto op"]
[Site "Toronto CAN"]
[Date "2009.04.18"]
[Round "3"]
[White "Perelshteyn, Eugene"]
[Black "Livshits, Ron"]
[Result "1-0"]
[WhiteElo "2543"]
[BlackElo "2332"]
[PlyCount "103"]
[GameId "2160767910157173"]
[EventDate "2009.04.17"]
[EventType "swiss"]
[EventRounds "5"]
[EventCountry "CAN"]
[SourceTitle "The Week in Chess 754"]
[Source "Mark Crowther"]
[SourceDate "2009.04.20"]
[SourceVersion "1"]
[SourceVersionDate "2009.04.20"]
[SourceQuality "2"]

1. d4 Nf6 2. c4 e6 3. Nc3 Bb4 4. g3 O-O 5. Bg2 d5 6. Nf3 dxc4 7. O-O Nc6 8. a3 Be7 9. e3 Na5 10. Qe2 Bd7 11. Ne5 Bc6 12. Bxc6 bxc6 13. Nxc4 Nb3 14. Rb1 c5 15. dxc5 Bxc5 16. Nd2 Qb8 17. Qc4 Nxd2 18. Bxd2 Rd8 19. Rfd1 Bf8 20. b4 Qb7 21. e4 Ng4 22. Bf4 Bd6 23. Qb5 Qb6 24. Qxb6 axb6 25. Nb5 Bxf4 26. gxf4 g5 27. Rxd8+ Rxd8 28. f3 Ne3 29. fxg5 c6 30. Na7 c5 31. bxc5 bxc5 32. Kf2 Rd3 33. Nb5 c4 34. Rc1 h6 35. gxh6 f5 36. exf5 exf5 37. Ke2 Rb3 38. Rc3 Rxb5 39. Kxe3 Kh7 40. Kd4 Rb2 41. h3 Kxh6 42. Kxc4 Kg5 43. a4 Kh4 44. a5 Kxh3 45. Ra3 f4 46. a6 Rb8 47. a7 Ra8 48. Kb5 Kg3 49. Kb6 Rh8 50. Rc3 Rh6+ 51. Kb7 Rh7+ 52. Kb8 1-0

[Event "PWC Toronto op"]
[Site "Toronto CAN"]
[Date "2009.04.18"]
[Round "3"]
[White "Sapozhnikov, Roman"]
[Black "Friedel, Joshua E"]
[Result "0-1"]
[WhiteElo "2153"]
[BlackElo "2516"]
[PlyCount "90"]
[GameId "2160767910157177"]
[EventDate "2009.04.17"]
[EventType "swiss"]
[EventRounds "5"]
[EventCountry "CAN"]
[SourceTitle "CBM 129 Extra"]
[Source "ChessBase"]
[SourceDate "2009.05.05"]
[SourceVersion "2"]
[SourceVersionDate "2009.05.20"]
[SourceQuality "1"]

1. e4 e5 2. Nf3 Nc6 3. Bb5 a6 4. Ba4 Nf6 5. O-O b5 6. Bb3 Bc5 7. a4 Rb8 8. c3 d6 9. d4 Bb6 10. a5 Ba7 11. h3 O-O 12. Re1 Bb7 13. Be3 exd4 14. cxd4 Nb4 15. d5 Bxe3 16. Rxe3 c5 17. Nbd2 Nd7 18. Nf1 f5 19. exf5 c4 20. Bc2 Nxd5 21. Re1 Nc5 22. Qd2 Qf6 23. Nd4 Nd3 24. Bxd3 Qxd4 25. Be4 Qxd2 26. Nxd2 Nb4 27. Bxb7 Rxb7 28. Re6 d5 29. Nf3 Rxf5 30. Nd4 Rf6 31. Re8+ Kf7 32. Re5 Re7 33. Rxe7+ Kxe7 34. Re1+ Kd6 35. g4 Nd3 36. Re2 Nf4 37. Rd2 Kc5 38. Kf1 b4 39. Nf5 Rxf5 40. gxf5 d4 41. Ke1 d3 42. Kd1 Kd4 43. h4 h5 44. b3 cxb3 45. Kc1 Kc3 0-1

[Event "PWC Toronto op"]
[Site "Toronto CAN"]
[Date "2009.04.18"]
[Round "3"]
[White "Wight, Keith"]
[Black "MacKinnon, Keith"]
[Result "0-1"]
[WhiteElo "2030"]
[BlackElo "2145"]
[PlyCount "106"]
[GameId "2160767910157182"]
[EventDate "2009.04.17"]
[EventType "swiss"]
[EventRounds "5"]
[EventCountry "CAN"]
[SourceTitle "CBM 129 Extra"]
[Source "ChessBase"]
[SourceDate "2009.05.05"]
[SourceVersion "2"]
[SourceVersionDate "2009.05.20"]
[SourceQuality "1"]

1. e4 d5 2. exd5 Qxd5 3. Nc3 Qd6 4. d4 Nf6 5. Bc4 a6 6. Nge2 Qc6 7. Bb3 Qxg2 8. Rg1 Qc6 9. Bf4 g6 10. Qd2 Bg7 11. Bh6 O-O 12. Bxg7 Kxg7 13. O-O-O Nbd7 14. Qe3 Qd6 15. Ng3 Nb6 16. Nce4 Nbd5 17. Qe2 Qf4+ 18. Kb1 Bg4 19. Nxf6 Bxe2 20. Nfh5+ Bxh5 21. Nxh5+ Kh6 22. Nxf4 Nxf4 23. d5 Rad8 24. c4 e5 25. Rde1 Rfe8 26. Ba4 Re7 27. Rg4 Nd3 28. Re3 f5 29. Rg2 Nf4 30. Rg1 Kg7 31. Rge1 Kf6 32. Rb3 e4 33. Rxb7 Nd3 34. Re2 Nc5 35. Ra7 Nxa4 36. Rxa6+ Nb6 37. c5 Ra8 38. d6 Rxa6 39. dxe7 Kxe7 40. cxb6 Rxb6 41. a4 Rb4 42. b3 Rxb3+ 43. Ka2 Rd3 44. Rb2 Kd6 45. Rb8 Kc6 46. Rh8 Rd2+ 47. Kb3 Rxf2 48. Rxh7 e3 49. Re7 e2 50. Kc3 f4 51. Kd2 f3 52. Re6+ Kd5 53. Re8 Rf1 0-1

[Event "PWC Toronto op"]
[Site "Toronto CAN"]
[Date "2009.04.18"]
[Round "3"]
[White "Zenyuk, Iryna"]
[Black "Gregorz, Ralph"]
[Result "1-0"]
[WhiteElo "2305"]
[BlackElo "2060"]
[PlyCount "60"]
[GameId "2160767910157183"]
[EventDate "2009.04.17"]
[EventType "swiss"]
[EventRounds "5"]
[EventCountry "CAN"]
[SourceTitle "The Week in Chess 754"]
[Source "Mark Crowther"]
[SourceDate "2009.04.20"]
[SourceVersion "1"]
[SourceVersionDate "2009.04.20"]
[SourceQuality "2"]

1. d4 d5 2. Nf3 Nf6 3. c4 dxc4 4. e3 e6 5. Bxc4 c5 6. O-O a6 7. Bb3 b5 8. a4 b4 9. e4 cxd4 10. e5 Nfd7 11. Nbd2 Bb7 12. Nc4 Nc5 13. Ba2 Nc6 14. Bg5 Qc7 15. Rc1 h6 16. Bf4 g5 17. Nd6+ Bxd6 18. exd6 Qb6 19. Ne5 gxf4 20. Nxf7 Rf8 21. Qh5 Rxf7 22. Rxc5 Nd8 23. Qe5 Rc8 24. Rxc8 Bxc8 25. Rc1 Bd7 26. Bb1 Rf8 27. Bg6+ Nf7 28. Rc7 d3 29. Qxf4 b3 30. h4 a5 1-0

[Event "PWC Toronto op"]
[Site "Toronto CAN"]
[Date "2009.04.19"]
[Round "4"]
[White "Armstrong, Robert J"]
[Black "Plaxton, David"]
[Result "0-1"]
[WhiteElo "1803"]
[BlackElo "2032"]
[PlyCount "92"]
[GameId "2160767910157184"]
[EventDate "2009.04.17"]
[EventType "swiss"]
[EventRounds "5"]
[EventCountry "CAN"]

1. d4 Nf6 2. c4 g6 3. Nc3 d5 4. e3 c6 5. Nf3 Bg7 6. Bd3 O-O 7. O-O h6 8. h3 Be6 9. cxd5 cxd5 10. Ne5 Nfd7 11. f4 Nxe5 12. dxe5 Nc6 13. Ne2 Qb6 14. Bc2 Rfd8 15. Nd4 Bd7 16. b3 e6 17. Bb2 Nb4 18. Bb1 a5 19. a3 Na6 20. Qg4 Nc5 21. Bxg6 fxg6 22. Qxg6 Be8 23. Qg4 Kh7 24. f5 exf5 25. Nxf5 Qg6 26. Qh4 Ne6 27. Rf3 Qg5 28. Qf2 Bg6 29. Rf1 Rf8 30. h4 Qg4 31. h5 Bxf5 32. Rxf5 Qxf5 33. Qxf5+ Rxf5 34. Rxf5 Rf8 35. g4 Ng5 36. Kg2 Rxf5 37. gxf5 Bf8 38. Kg3 Kg8 39. Kg4 Kf7 40. a4 Bc5 41. Bc1 Ne4 42. Kf4 Nf2 43. Bd2 Nd3+ 44. Kg3 Bb4 45. Bxb4 axb4 46. Kf3 Nxe5+ 0-1

[Event "PWC Toronto op"]
[Site "Toronto CAN"]
[Date "2009.04.19"]
[Round "4"]
[White "Barron, Michael"]
[Black "Calugar, Arthur"]
[Result "1-0"]
[WhiteElo "2252"]
[BlackElo "2072"]
[PlyCount "111"]
[GameId "2160767910157185"]
[EventDate "2009.04.17"]
[EventType "swiss"]
[EventRounds "5"]
[EventCountry "CAN"]
[SourceTitle "The Week in Chess 754"]
[Source "Mark Crowther"]
[SourceDate "2009.04.20"]
[SourceVersion "1"]
[SourceVersionDate "2009.04.20"]
[SourceQuality "2"]

1. e4 c5 2. Nf3 Nc6 3. d4 cxd4 4. Nxd4 e6 5. Nb5 d6 6. c4 a6 7. N5c3 Nf6 8. Be3 b6 9. Be2 Bb7 10. Nd2 Ne5 11. f4 Ned7 12. Bf3 Be7 13. O-O h5 14. h3 Qc7 15. Qe2 Rd8 16. Rac1 Qb8 17. b4 h4 18. Nb3 Qa8 19. Bf2 a5 20. bxa5 bxa5 21. a4 Rc8 22. Rfe1 g6 23. Nb5 e5 24. fxe5 Nxe5 25. Bd4 O-O 26. c5 Nxf3+ 27. gxf3 dxc5 28. Bxc5 Bxc5+ 29. Nxc5 Ba6 30. Qb2 Nh5 31. Nd7 Rfd8 32. Nc7 Qa7+ 33. Qb6 Qxb6+ 34. Nxb6 Rb8 35. Nbd5 Bc8 36. Ne7+ Kg7 37. Nc6 Bxh3 38. Nxd8 Rxd8 39. Nd5 Rb8 40. Rb1 Ra8 41. Kf2 g5 42. Rg1 Ng3 43. Rgc1 Ra7 44. Rc5 Bd7 45. Nb6 f6 46. Rd1 Be6 47. Rd6 Bf7 48. Rd7 Ra6 49. Nc4 Kf8 50. Rc8+ Be8 51. Nd6 Rxd6 52. Rxd6 Ke7 53. Ra6 Bxa4 54. Rc7+ Kd8 55. Rf7 Ke8 56. Rb7 1-0

[Event "PWC Toronto op"]
[Site "Toronto CAN"]
[Date "2009.04.19"]
[Round "4"]
[White "Friedel, Joshua E"]
[Black "Perelshteyn, Eugene"]
[Result "1-0"]
[WhiteElo "2516"]
[BlackElo "2543"]
[PlyCount "71"]
[GameId "2160767910157187"]
[EventDate "2009.04.17"]
[EventType "swiss"]
[EventRounds "5"]
[EventCountry "CAN"]
[SourceTitle "CBM 129 Extra"]
[Source "ChessBase"]
[SourceDate "2009.05.05"]
[SourceVersion "2"]
[SourceVersionDate "2009.05.20"]
[SourceQuality "1"]

1. e4 c5 2. Nf3 g6 3. d4 cxd4 4. Nxd4 Nc6 5. Nc3 Bg7 6. Be3 Nf6 7. Bc4 Qa5 8. O-O O-O 9. Bb3 d6 10. h3 Bd7 11. f4 Nxd4 12. Bxd4 Bc6 13. Qd3 Rad8 14. Rad1 e6 15. f5 gxf5 16. Bxf6 Bxf6 17. exf5 d5 18. Kh1 Kh8 19. fxe6 fxe6 20. Rfe1 Rfe8 21. Ne2 e5 22. Qf5 Bg7 23. Nc3 Qc5 24. Qh5 Rg8 25. Re2 Bf6 26. Qf3 Rgf8 27. Nxd5 Bg7 28. Qe3 Qxe3 29. Rxe3 Rf2 30. Kg1 Rdf8 31. Re4 Bxd5 32. Rxd5 Rf1+ 33. Kh2 Bh6 34. h4 Bf4+ 35. g3 Rf2+ 36. Kh3 1-0

[Event "PWC Toronto op"]
[Site "Toronto CAN"]
[Date "2009.04.19"]
[Round "4"]
[White "MacKinnon, Keith"]
[Black "Cheng, Bindi"]
[Result "0-1"]
[WhiteElo "2145"]
[BlackElo "2361"]
[PlyCount "96"]
[GameId "2160767910157191"]
[EventDate "2009.04.17"]
[EventType "swiss"]
[EventRounds "5"]
[EventCountry "CAN"]
[SourceTitle "CBM 129 Extra"]
[Source "ChessBase"]
[SourceDate "2009.05.05"]
[SourceVersion "2"]
[SourceVersionDate "2009.05.20"]
[SourceQuality "1"]

1. e4 c5 2. Nf3 d6 3. d4 cxd4 4. Nxd4 Nf6 5. Nc3 e6 6. Be3 a6 7. f3 b5 8. g4 h6 9. Qd2 Nbd7 10. O-O-O Bb7 11. h4 b4 12. Na4 Qa5 13. b3 Nc5 14. a3 Nxa4 15. axb4 Qc7 16. bxa4 d5 17. e5 Nd7 18. f4 Nb6 19. Bf2 Rc8 20. Rh3 Qd7 21. Rb3 Nc4 22. Bxc4 dxc4 23. Ra3 a5 24. c3 axb4 25. cxb4 c3 26. Rxc3 Bxb4 27. Rxc8+ Qxc8+ 28. Qc2 Qa8 29. Qb3 Be7 30. Qb5+ Kf8 31. f5 Bd5 32. Qd7 Ba3+ 33. Kb1 Kg8 34. fxe6 fxe6 35. Nxe6 Qb8+ 36. Qb5 Qxb5+ 37. axb5 Bxe6 38. Rd8+ Kh7 39. Rxh8+ Kxh8 40. b6 Bd5 41. Bd4 Kg8 42. Be3 Kf7 43. h5 Be7 44. Kc2 Ke6 45. Kd3 Bg5 46. Bc5 Bf4 47. Kd4 Bxe5+ 48. Ke3 Kf6 0-1

[Event "PWC Toronto op"]
[Site "Toronto CAN"]
[Date "2009.04.19"]
[Round "4"]
[White "Plotkin, Victor"]
[Black "Egorov, Mikhail"]
[Result "1-0"]
[WhiteElo "2215"]
[BlackElo "2046"]
[PlyCount "77"]
[GameId "2160767910157194"]
[EventDate "2009.04.17"]
[EventType "swiss"]
[EventRounds "5"]
[EventCountry "CAN"]
[SourceTitle "The Week in Chess 754"]
[Source "Mark Crowther"]
[SourceDate "2009.04.20"]
[SourceVersion "1"]
[SourceVersionDate "2009.04.20"]
[SourceQuality "2"]

1. e4 c5 2. c3 d5 3. exd5 Qxd5 4. d4 Nc6 5. Nf3 Bg4 6. Be2 cxd4 7. cxd4 e6 8. Nc3 Qa5 9. O-O Nf6 10. h3 Bh5 11. Be3 Bd6 12. Qb3 Qb4 13. Qc2 O-O 14. a3 Qa5 15. b4 Qd8 16. Rfd1 Ne7 17. Bg5 Nfd5 18. Nxd5 exd5 19. Qb3 f6 20. Be3 Bf7 21. Nh4 Qd7 22. Bd3 Rac8 23. Rac1 Bb8 24. Qb1 g6 25. Rxc8 Rxc8 26. Rc1 Rxc1+ 27. Qxc1 g5 28. Bxg5 fxg5 29. Qxg5+ Kf8 30. Bxh7 Qc7 31. g3 Qb6 32. Nf3 Qe6 33. h4 Bc7 34. h5 a6 35. Bd3 Ng8 36. Bf5 Qe7 37. g4 a5 38. Kg2 axb4 39. axb4 1-0

[Event "PWC Toronto op"]
[Site "Toronto CAN"]
[Date "2009.04.19"]
[Round "4"]
[White "Sambuev, Bator"]
[Black "Gerzhoy, Leonid"]
[Result "1-0"]
[WhiteElo "2498"]
[BlackElo "2420"]
[PlyCount "107"]
[GameId "2160767910157196"]
[EventDate "2009.04.17"]
[EventType "swiss"]
[EventRounds "5"]
[EventCountry "CAN"]
[SourceTitle "The Week in Chess 754"]
[Source "Mark Crowther"]
[SourceDate "2009.04.20"]
[SourceVersion "1"]
[SourceVersionDate "2009.04.20"]
[SourceQuality "2"]

1. e4 d6 2. d4 Nf6 3. Nc3 g6 4. f3 c6 5. Be3 b5 6. Qd2 Nbd7 7. h4 Nb6 8. b3 a5 9. g4 h5 10. g5 Nfd7 11. Bg2 Bg7 12. f4 O-O 13. Rd1 b4 14. Nce2 d5 15. f5 dxe4 16. fxg6 fxg6 17. Nf4 Rxf4 18. Bxf4 Nd5 19. Ne2 e5 20. dxe5 Nxe5 21. Bxe4 Bg4 22. Bxe5 Bxe5 23. Rf1 Qe8 24. Bxd5+ cxd5 25. Qxd5+ Kg7 26. Rf7+ Qxf7 27. Qxa8 Qe7 28. Qe4 Bf5 29. Qe3 Bxc2 30. Rd5 Bc3+ 31. Kf2 Be1+ 32. Kf3 Qb7 33. Qd4+ Kh7 34. Ke3 Bf5 35. Rxa5 Qe7+ 36. Qe5 Qxe5+ 37. Rxe5 Bxh4 38. Kf4 Be1 39. Rxf5 gxf5 40. Kxf5 Bd2 41. Kf6 h4 42. Ng1 Bc1 43. Kf5 Be3 44. Nh3 Bd2 45. Kg4 Kg6 46. Kxh4 Kf5 47. Kh5 Ke4 48. g6 Bc3 49. Nf2+ Ke3 50. Nd1+ Kd3 51. Nxc3 bxc3 52. g7 c2 53. g8=Q c1=Q 54. Qd5+ 1-0

[Event "PWC Toronto op"]
[Site "Toronto CAN"]
[Date "2009.04.19"]
[Round "4"]
[White "Stevens, Christian"]
[Black "Masse, Hugues"]
[Result "1/2-1/2"]
[WhiteElo "2310"]
[BlackElo "2220"]
[PlyCount "131"]
[GameId "2160767910157202"]
[EventDate "2009.04.17"]
[EventType "swiss"]
[EventRounds "5"]
[EventCountry "CAN"]
[SourceTitle "The Week in Chess 754"]
[Source "Mark Crowther"]
[SourceDate "2009.04.20"]
[SourceVersion "1"]
[SourceVersionDate "2009.04.20"]
[SourceQuality "2"]

1. Nf3 Nf6 2. c4 g6 3. Nc3 d5 4. cxd5 Nxd5 5. Qa4+ Bd7 6. Qb3 Nb6 7. d4 Bg7 8. Bf4 Be6 9. Qd1 Nc6 10. e3 O-O 11. Be2 Nb4 12. Bg3 N6d5 13. e4 Nb6 14. a3 Na6 15. d5 Bg4 16. Ne5 Bxe2 17. Qxe2 e6 18. dxe6 fxe6 19. Rd1 Qe7 20. O-O Rad8 21. Nc6 bxc6 22. Qxa6 Rxd1 23. Rxd1 Rd8 24. Rxd8+ Qxd8 25. h3 Qb8 26. a4 Qa8 27. Bxc7 Nd7 28. Qc4 Kf7 29. Bd6 Qb7 30. b3 Ne5 31. Bxe5 Bxe5 32. g3 Qd7 33. Ne2 g5 34. Kg2 h5 35. f4 gxf4 36. gxf4 Bf6 37. f5 Qd2 38. Qxe6+ Kg7 39. Qc4 Qg5+ 40. Kf3 Qh4 41. Nf4 Be5 42. Qc1 Kf7 43. Qe3 c5 44. Qd2 Ke8 45. Qe3 Kf7 46. a5 a6 47. b4 cxb4 48. Qa7+ Ke8 49. Qa8+ Qd8 50. Qc6+ Qd7 51. Qg6+ Qf7 52. Qxf7+ Kxf7 53. Nd3 Bc3 54. Nc5 Kf6 55. Ke3 Ke5 56. Kd3 Be1 57. Nxa6 b3 58. Nc5 b2 59. Kc2 Bxa5 60. Kxb2 Bb6 61. Nd7+ Kxe4 62. Nxb6 Kxf5 63. Nd5 Kg5 64. Kc3 Kh4 65. Nf6 Kxh3 66. Nxh5 1/2-1/2

[Event "PWC Toronto op"]
[Site "Toronto CAN"]
[Date "2009.04.19"]
[Round "4"]
[White "Szalay, Karoly"]
[Black "Sapozhnikov, Roman"]
[Result "1/2-1/2"]
[WhiteElo "2050"]
[BlackElo "2153"]
[PlyCount "95"]
[GameId "2160767910157203"]
[EventDate "2009.04.17"]
[EventType "swiss"]
[EventRounds "5"]
[EventCountry "CAN"]
[SourceTitle "The Week in Chess 754"]
[Source "Mark Crowther"]
[SourceDate "2009.04.20"]
[SourceVersion "1"]
[SourceVersionDate "2009.04.20"]
[SourceQuality "2"]

1. e4 c5 2. Nf3 d6 3. d4 cxd4 4. Nxd4 Nf6 5. Nc3 Nc6 6. Bg5 e6 7. f4 h6 8. Bxf6 Qxf6 9. Bb5 Bd7 10. Nce2 a6 11. Ba4 b5 12. Bb3 Nxd4 13. Qxd4 Qxd4 14. Nxd4 Be7 15. f5 e5 16. Ne2 b4 17. a3 bxa3 18. bxa3 Rc8 19. a4 Bd8 20. O-O-O Ke7 21. Rd3 Ba5 22. Kb2 Rb8 23. Nc3 Bxc3+ 24. Rxc3 Bxa4 25. Ra1 Bxb3 26. cxb3 Rb6 27. Rc7+ Kf6 28. Rd1 Rd8 29. Ka3 a5 30. Rd5 Rdb8 31. Rd3 Rd8 32. Rd5 Rb4 33. Rc4 Rdb8 34. Rxd6+ Ke7 35. Rd3 Rxc4 36. bxc4 Rb4 37. Rc3 Kd6 38. c5+ Kc6 39. Rg3 Rxe4 40. Rxg7 Re2 41. Rxf7 Rxg2 42. Re7 Rxh2 43. Rxe5 Rh4 44. f6 Rf4 45. f7 Kb5 46. c6+ Kxc6 47. Rxa5 Kb6 48. Rh5 1/2-1/2

[Event "PWC Toronto op"]
[Site "Toronto CAN"]
[Date "2009.04.19"]
[Round "4"]
[White "Wang, Jesse BJ"]
[Black "Kret, Ted"]
[Result "0-1"]
[WhiteElo "2017"]
[BlackElo "2117"]
[PlyCount "75"]
[GameId "2160767910157204"]
[EventDate "2009.04.17"]
[EventType "swiss"]
[EventRounds "5"]
[EventCountry "CAN"]
[SourceTitle "The Week in Chess 754"]
[Source "Mark Crowther"]
[SourceDate "2009.04.20"]
[SourceVersion "1"]
[SourceVersionDate "2009.04.20"]
[SourceQuality "2"]

1. e4 e6 2. d4 d5 3. Nc3 Nf6 4. Bg5 Be7 5. e5 Nfd7 6. Bxe7 Qxe7 7. f4 a6 8. Nf3 c5 9. Qd2 Nc6 10. dxc5 Qxc5 11. O-O-O b5 12. f5 Nb6 13. Qg5 Bd7 14. Bd3 Nb4 15. Qxg7 O-O-O 16. Ng5 Rhg8 17. Qxf7 Rxg5 18. fxe6 Be8 19. Qxh7 Nxd3+ 20. Rxd3 Bg6 21. Qg7 b4 22. e7 Re8 23. Qf6 Rxg2 24. Qf3 Bxd3 25. Qxg2 bxc3 26. Qh3+ Kb7 27. Qxd3 cxb2+ 28. Kxb2 Rxe7 29. h4 Rxe5 30. h5 Qe7 31. a3 Re3 32. Qd4 Qxa3+ 33. Kb1 Re4 34. Qg7+ Re7 35. Qd4 a5 36. h6 Re4 37. Qg7+ Ka6 38. c3 0-1

[Event "PWC Toronto op"]
[Site "Toronto CAN"]
[Date "2009.04.19"]
[Round "5"]
[White "Armstrong, Robert J"]
[Black "Wang, Jesse BJ"]
[Result "0-1"]
[WhiteElo "1803"]
[BlackElo "2017"]
[PlyCount "62"]
[GameId "2160767910157207"]
[EventDate "2009.04.17"]
[EventType "swiss"]
[EventRounds "5"]
[EventCountry "CAN"]
[SourceTitle "The Week in Chess 754"]
[Source "Mark Crowther"]
[SourceDate "2009.04.20"]
[SourceVersion "1"]
[SourceVersionDate "2009.04.20"]
[SourceQuality "2"]

1. d4 d5 2. c4 c6 3. e3 Nf6 4. Nf3 e6 5. Bd3 Nbd7 6. O-O Bd6 7. Nc3 O-O 8. b3 Re8 9. e4 dxe4 10. Nxe4 Nxe4 11. Bxe4 Nf6 12. Bd3 c5 13. Bb2 cxd4 14. Bxd4 Bc7 15. Qc2 e5 16. Bb2 Bg4 17. Ng5 h6 18. Ne4 Nh5 19. h3 Bxh3 20. Bc1 Be6 21. Be3 f5 22. Be2 Qh4 23. Nc5 e4 24. g3 Nxg3 25. Kg2 Nxe2 26. Rh1 Qg4+ 27. Kf1 Qf3 28. Rh4 Ng3+ 29. Kg1 f4 30. Rh2 Ne2+ 31. Kf1 fxe3 0-1